España (Registro nro. 309629)

Detalles MARC
000 -ENCABEZADO
Número de control [NR] 00928 a2200217 4500
005 - FECHA Y HORA DE LA ÚLTIMA TRANSACCIÓN
control field 20180413140354.0
008 - DE LONGITUD FIJA DE DATOS DE ELEMENTOS - INFORMACIÓN GENERAL
Elementos de longitud fija [NR] 180413s2018 xxu||||| |||| 00| 0 spa d
020 ## - NUMERO INTERNACIONAL NORMALIZADO PARA LIBROS [R]
Número Internacional Normalizado del libro [NR] 9789584264473
040 ## - FUENTE DE CATALOGACION [NR]
Agencia de catalogación original [NR] CO-BoUCM
Idioma de catalogación [NR] spa
Quien Cataloga Saul Niño
Quien Clasifica Saul Niño
041 0# - CODIGO DE IDIOMA [R]
Código de idioma para texto/pista de sonido o título separado [R] Español
100 0# - ASIENTO PRINCIPAL--NOMBRE PERSONAL [NR]
Nombre personal [NR] Ortiz Rodríguez, Alvaro Pablo
ID Autoridad 75954
245 ## - MENCION DE TITULO [NR]
Título [NR] España
Parte restante del título [NR] de madre patria a madrastra : ¿por qué fracasó la reconquista española en la Nueva Granada entre 1814 y 1820?
Mención de responsabilidad, etc. [NR] Álvaro Pablo Ortiz ; prólogo Enrique Serrano
260 ## - PUBLICACION, DISTRIBUCION, ETC. (PIE DE IMPRENTA) [R]
Lugar de publicación, distribución, etc. [R] Bogotá (Colombia)
Nombre del editor, distribuidor, etc. [R] Ariel
-- Planeta
Fecha de publicación, distribución, etc. [R] 2018
300 ## - DESCRIPCION FISICA [R]
Extensión [R] 230 páginas
650 ## - ASIENTO SECUNDARIO DE MATERIA - TERMINO TEMATICO [R]
Término temático o nombre geográfico como elemento de entrada [NR] Guerrillas patriotas
Subdivisión cronológica [R] Siglo XIX
9 (RLIN) 92128
651 ## - ASIENTO SECUNDARIO DE MATERIA - NOMBRE GEOGRAFICO [R]
Nombre geográfico [NR] Colombia
Subdivisión general [R] Historia
Subdivisión cronológica [R] Reconquista española, 1815-1819
9 (RLIN) 92125
651 ## - ASIENTO SECUNDARIO DE MATERIA - NOMBRE GEOGRAFICO [R]
Nombre geográfico [NR] España
Subdivisión general [R] Historia
Subdivisión geográfica [R] Reconquista española, 1815-1819
9 (RLIN) 92126
700 1# - ASIENTO SECUNDARIO - NOMBRE PERSONAL [R]
Nombre personal [NR] Serrano, Enrique
Término de relación [R] prólogo
9 (RLIN) 51531
942 ## - ELEMENTOS DE ENTRADA AGREGADOS (KOHA)
Tipo de ítem principal el descrito en 300a Libro
Sistema de clasificación DEWEY
Tema principal Historia
Edición 1
Clasificación 986.103
Parte restante de la signatura top. O775e
Existencias
Fecha de último préstamo Total préstamos Total Renewals Signatura topográfica Código de barras Última vez visto Ejemplar Costo de reposición Price effective from Tipo de ítem Perdido Sistema de clasificación Dañado No prestable Tipo de ítem específico Suprimido Ubicación habitual Ubicación actual Localización Fecha de creación Proveedor Forma de adquisición Costo
24/10/2019 2 1 986.103 O775e 100156357 09/12/2025 Ej.1 26000.00 11/04/2018 Libro   DEWEY     Libro   Claustro Claustro 2do piso 11/04/2018 12 Donación 0.00